=LDR 00000nam 2200000 4500 =001 INLIS000000000045450 =005 20150202130839.0 =006 =007 =008 =020 ##$$a 978.979.29.0881-7 =035 ##$$0010-021500000000010 =040 ##$$a NBPDMAT =082 ##$$a 729 =090 ##$$a 729 Pan p =245 ##$$a Panduan praktis bangunan di lengkapi dengan contoh aplikasi =250 ##$$a Cet. 2 =260 ##$$a Yogyakarta$bAndi$c2009 =300 ##$$a vii, 260 hlm. : ilus. ; 23 cm =650 ##$$a Desain Teknis =850 ##$$a NBPDMAT